[Event "Welsh U1850 League"]
[Site "Bridgend"]
[Date "2024.10.13"]
[Round "1"]
[White "Slegg, Gary"]
[Black "Mills, Paul R"]
[Result "1/2-1/2"]
[WhiteElo "1704"]
[BlackElo "1771"]
[Annotator "Slegg,Gary"]
[PlyCount "70"]
[EventDate "2024.??.??"]

{[%evp 0,70,37,11,75,84,77,66,74,72,96,59,85,73,69,40,56,32,28,25,31,23,31,22,54,49,54,48,73,28,37,22,12,14,-8,-18,-17,-34,-26,-31,-2,-22,-25,-42,-38,-76,-19,-28,16,-29,-25,-26,-22,-12,10,-59,-51,-56,-47,-53,-79,-92,-82,-104,-98,-89,-95,-93,-31,-29,-36,-82,-62] B06: Modern Defence} 1. e4 g6 {My opponent had changed at the last minute - I had prepared for e5. I couldn't remember the trap line I know in the modern, so thought I'd just play according to opening principles} 2. d4 Bg7 3. Nf3 d6 4. Nc3 a6 5. a4 c6 {[%eval 68,22]} (5... Nf6 $142 {[%eval 34,19]}) (5... b6 {main- heading for a Hippotamous-vk}) 6. Bc4 Nf6 $146 {4-1-3 in chessbase database-vk} (6... Bg4 7. h3 Bc8 8. O-O Nd7 9. Bxf7+ Kxf7 10. Ng5+ Ke8 11. Ne6 Qb6 12. Nxg7+ Kf7 13. Nh5 gxh5 14. Qxh5+ Kf8 15. Rd1 Ngf6 16. Bh6+ Kg8 17. Qg5+ Kf7 18. Qg7+ Ke6 19. d5+ Ke5 20. Qg3# {1-0 (20) Kasprzyk,M (1405)-McIntyre,J (1376) online 2020}) (6... h6 7. h3 Nd7 8. O-O Rb8 9. a5 Qc7 10. Qe2 e5 11. dxe5 dxe5 12. b3 Ngf6 13. Rd1 O-O 14. Ba3 c5 15. Bb2 Re8 16. Qd2 Nf8 17. Qd6 Qxd6 18. Rxd6 Bd7 19. Re1 Bc6 20. Nd5 Bxd5 21. Bxd5 {Sadhwani,R (2555)-Maghsoodloo,P (2698) Chess.com INT 2021 ½-½ (61)}) 7. O-O (7. Bb3 {is more complex.} Qa5 (7... Bg4 8. h3 Bc8 9. Qe2 O-O 10. O-O Qc7 11. Rd1 e5 {Szelag-Sumara, Krynicka op 1994, 1-0 -vk}) 8. e5 dxe5 9. Nxe5 O-O 10. O-O) 7... d5 {this is the real N-, and is the first line of SF17-vk} (7... O-O $16 {4-3-7 in database-vk}) (7... b5 $18 {1-0 vk}) 8. exd5 {[%eval 11,19]} (8. Bd3 $14 {[%eval 50,23] might be stronger.}) 8... cxd5 $11 9. Bb3 O-O 10. Bg5 e6 11. Qd2 Re8 {[%eval 85,21]} (11... Bd7 $11 {[%eval 7,21] keeps the balance.}) 12. Rfe1 $1 $16 Bd7 13. Ne5 Bc6 14. Rad1 {[%eval 17,20] White is much more active.} (14. Qf4 $16 {[%eval 83,22]} Nbd7 15. Nxd7 Bxd7 16. Qh4 a5 17. Rad1 $14 {SF17- vk}) (14. Ng4 Rf8 15. Re3 h5 16. Bxf6 Bxf6 17. Nxf6+ Qxf6 18. Rf3 Qg7 19. Ne2 $14 {SF17- Bl will have trouble with getting his QB into play with all the pawns on its colour-vk}) 14... Qc7 $11 15. Bh6 Nbd7 16. Bxg7 Kxg7 17. Qe2 {[%eval -11,19]} (17. Qf4 $142 {[%eval 20,21]}) 17... Nxe5 18. Qxe5 (18. dxe5 Ng8 19. Qe3 $11 {SF17-vk}) 18... Qxe5 19. dxe5 (19. Rxe5 {keeps the B under control, though} b5 20. axb5 axb5 21. Na2 Ne4 22. Nb4 Bb7 23. f3 f6 24. Rxe6 Rxe6 25. fxe4 Rxe4 26. Nxd5 Rae8 27. Nc3 Re1+ 28. Rxe1 Rxe1+ 29. Kf2 Rh1 30. Nxb5 f5 (30... Rxh2 31. d5 $11) 31. Nd6 Ba8 32. d5 Kf6 33. h3 $11 {SF17- Wh must have good pracical chances, even of a win with all those Q side pawns- vk}) 19... Ng8 {[%eval -20,22]} (19... Nd7 $15 {[%eval -57,21] is more appropriate.}) 20. a5 {[%eval -63,23]} (20. Ne2 $11 {[%eval -20,22]}) 20... Ne7 $15 21. Ba4 {[%eval -122,20] Swapping off Bl's bad B can't be the best plan- Ne2, c3 and Bc2 looks a better sequence-vk} (21. g3 $1 $11 {[%eval -17,23] remains equal.} Rec8 $15 {SF17-vk}) (21. Ne2 Bb5 22. Nd4 Rec8 23. c3 Rab8 24. Bc2 $15 {SF17}) 21... Red8 22. Rd4 {[%eval -141,24]} (22. f4 $142 {[%eval -103,22]}) 22... Nf5 {[%eval -20,24]} (22... Bxa4 $17 {[%eval -141,24]} 23. Rxa4 Rac8) 23. Rb4 $11 d4 {[%eval 87,25]} (23... Rdc8 $1 $15 {[%eval -34,22] keeps the upper hand.}) 24. Ne4 $2 {[%eval -72,23] [#]} (24. Bxc6 $16 {[%eval 87,25] is necessary to keep the advantage.} bxc6 25. Na4) 24... Bxa4 {[%eval -30,26]} (24... Rd5 $1 $17 {[%eval -72,23]} 25. Bxc6 bxc6) 25. Rxa4 Rac8 {[%eval -4,27] Against Rc4} (25... Rd5 $1 $15 {[%eval -52,23] was preferrable.}) 26. c3 dxc3 27. Nxc3 {[%eval -118,23] I offered a draw} (27. bxc3 $11 {[%eval -1,26]} Rc7 28. f4) 27... Rd2 {[%eval -30,25]} (27... Rc5 $17 {[%eval -118,23]} 28. f4 Rd4) 28. Rb4 Rd7 29. Rb6 {[%eval -114,21] [#]} (29. Ne4 $11 {[%eval -23,25]}) 29... Rc5 $1 $17 30. g3 {[%eval -117,23]} (30. Kf1 $142 {[%eval -80,24]}) 30... Rxa5 31. Kg2 Rc5 32. Rd1 Rxd1 33. Nxd1 Rb5 {[%eval 9,24]} ({Black should play} 33... Rc7 $17 {[%eval -129,23] aiming for ...g5.} 34. h4 h5) (33... Rxe5 34. Rxb7 g5 35. Nc3 h5 $17 {SF17-vk}) 34. Rxb5 $11 axb5 35. b4 {[%eval -152,24]} (35. Nc3 $1 $15 {[%eval -64,24]}) 35... Ne7 {[%eval -104,26] Weighted Error Value: White=0.41/Black=0.36 He offered a draw} (35... Nd4 $142 {[%eval -152,24]} 36. Nc3 f6) 1/2-1/2

[Event "WCPL U1850"]
[Site "?"]
[Date "2024.10.13"]
[Round "1.1"]
[White "Anandkumar, Govind"]
[Black "Enoch, Kristan"]
[Result "1-0"]
[WhiteElo "1620"]
[BlackElo "1610"]
[Annotator "kemen"]
[PlyCount "73"]
[EventDate "2024.10.15"]

{[%evp 0,20,21,29,26,26,26,18,19,-7,6,1,1,5,86,98,94,78,102,122,145,149,147]} 1. e4 e5 2. Nf3 Nc6 3. Bc4 Bc5 4. c3 Nf6 5. d4 (5. d3 {more positional}) 5... exd4 6. e5 Ng4 {78% for Wh} (6... d5 {main, 51 % for Wh}) 7. cxd4 d5 8. Bb5 Bb4+ 9. Nc3 Bd7 10. Qb3 (10. O-O {8-1-2}) 10... Bxc3+ (10... a6 11. Be2 Bf5 12. a3 Bxc3+ 13. bxc3 b6 14. O-O $18 {Nezhyvenko-Gabuzov, EU ch Hybrid U08 Tornelo, 2021,1-0}) 11. bxc3 $18 a6 12. Bd3 Bc8 13. Qc2 f6 14. O-O fxe5 15. Bg5 Qd6 16. h3 (16. dxe5 Ngxe5 17. Rae1 O-O 18. Bxh7+ $18) 16... e4 17. Bxe4 dxe4 18. Qxe4+ Qe6 19. Qxe6+ (19. Rfe1 $1 {Sf17}) 19... Bxe6 20. Rfe1 Kf7 21. hxg4 (21. Bf4 Bxa2 22. hxg4 Bd5 23. Bxc7 $16 {SF17}) 21... Bxg4 22. d5 (22. Nh2 Be6 23. Rad1 Bd5 24. c4 Bxc4 25. d5 Nb4 26. Nf3 Bxa2 27. d6 cxd6 28. Re7+ Kg8 29. Rxd6 $16 {Bl's K remains in Jeopardy}) 22... Bxf3 23. gxf3 Na5 (23... h6 $1 24. Bh4 g5 25. Bg3 Ne7 26. c4 Rac8 27. Rab1 b6 28. Re6 $14 {SF17}) 24. Re7+ $18 Kg6 25. Bf4 (25. Bh4) 25... Rhd8 26. Rd1 Re8 27. Rde1 (27. Rxe8 Rxe8 28. Bxc7) (27. Rxc7) 27... Rxe7 28. Rxe7 c5 (28... Rd8 $1 29. Be5 (29. Rxc7 Rxd5 30. c4 Rd4 $11) 29... Rxd5 30. Rxg7+ Kh6 31. Re7 Kg6 32. f4 c5 $11 {SF17}) 29. Bc7 Nc4 30. d6 Kf6 31. f4 b6 32. Re2 Nxd6 33. Bxd6 Rc8 34. Be5+ Kf7 35. Rd2 Ke6 36. Rd6+ Ke7 37. Rxb6 1-0

[Event "WCPL U1850"]
[Site "?"]
[Date "2024.10.13"]
[Round "1.2"]
[White "Farani Sani, Hamid"]
[Black "Belochkin, David"]
[Result "1/2-1/2"]
[WhiteElo "1600"]
[BlackElo "1563"]
[Annotator "kemen"]
[PlyCount "120"]
[EventDate "2024.10.15"]

{[%evp 0,13,31,-24,-23,-16,-21,-21,-16,-48,-55,-44,-52,-97,-80,-71]} 1. f4 d5 2. e3 Nc6 3. Nf3 Nf6 4. c4 (4. Bb5 {main, 64 % for Wh}) 4... d4 5. exd4 (5. d3 {1-1-2}) 5... Nxd4 6. Nxd4 Qxd4 7. Nc3 {Cloud Engines} (7. d3 Bf5 8. Nc3 O-O-O 9. Nb5 Qb6 10. Qf3 h6 11. Nc3 Qe6+ 12. Be2 Bxd3 {Haris-Hrebicik, SVK ch U16, Tatralandia 2015,0-1}) 7... Qxf4 (7... Bf5 $19 {SF17}) 8. d4 Qd6 (8... Qg4 9. Be3 Qxd1+ 10. Rxd1 Bf5 $17 {SF17}) 9. Nb5 $11 Qc6 10. d5 Qb6 11. Bf4 (11. b4 $1 c6 12. c5 Qd8 13. dxc6 bxc6 14. Bf4 $1 e5 15. Qxd8+ Kxd8 16. O-O-O+ Ke7 17. Bxe5 cxb5 18. Bxb5 Ng4 19. Bf4 $18 {Bl 's K is too exposed and his pieces are scattered and not developed}) 11... e5 $1 $19 12. dxe6 Bb4+ 13. Bd2 Bxd2+ (13... Bc5 14. Qf3 a6 15. Nc3 Bxe6 16. O-O-O O-O-O $19 {Sf17}) 14. Qxd2 Bxe6 15. Bd3 a6 16. Nc3 O-O-O 17. Qc2 (17. O-O-O) 17... Qe3+ (17... Bg4 18. Kf1 Qe3 19. Bf5+ Kb8 20. Qf2 Qxf2+ 21. Kxf2 Bxf5 $19 {SF17}) 18. Be2 Bxc4 19. Rd1 Kb8 (19... Bxe2 20. Qxe2 Qc5 21. Rxd8+ Rxd8 22. Qf3 Qd4 $19 {SF17}) 20. b3 Bxe2 21. Nxe2 Ne4 (21... Ng4 {also}) 22. Rf1 f6 (22... Rxd1+ 23. Qxd1 Re8 24. Qd4 (24. Rxf7 Nc3) 24... Qxd4 25. Nxd4 Ng3+ 26. Kf2 Nxf1 $19 {SF17}) 23. Rf3 Rxd1+ 24. Kxd1 Rd8+ (24... Nf2+ 25. Ke1 Qe4 26. Qxe4 Nxe4 $19 {SF17- two pawns up should be enough to win} 27. Re3 Re8 {and the Bl pieces are a bit better placed than in the text}) 25. Ke1 Qd2+ 26. Qxd2 Nxd2 27. Re3 f5 (27... Rd7 {guards all the pawns along the second rank}) 28. Re7 g5 29. Re5 (29. h4 $1 gxh4 30. Rxh7 Ne4 31. Rxh4 {SF17- in an inferior position getting rid of as many pawns is a very good plan}) 29... Ne4 30. Rxf5 Rg8 {One needs to keep Rs asctive as possible in endings, preferably not defending weak pzawns} (30... Re8 $17) 31. Re5 Nf6 32. Nd4 Ng4 33. Re7 Nxh2 34. Rxh7 Ng4 (34... Re8+ 35. Ne2 Ng4 36. Rg7 Re5 $15 {SF17}) 35. Re7 $11 {compare the positions of the Wh and Bl pieces- Wh has enough compensation for the pawn} Nf6 36. Ne6 Nd5 37. Rd7 Re8 38. Rxd5 Rxe6+ 39. Kf2 Rg6 40. g4 $11 {the Bl R is still tied down and the Wh K more active than the Bl one} c6 41. Re5 Kc7 42. Ke3 Kd6 43. Kd4 b6 44. b4 (44. Rf5 {just waiting}) 44... Rg7 45. Ke4 (45. Rf5) 45... c5 46. bxc5+ bxc5 47. Rf5 Re7+ 48. Kd3 Re5 49. Rf6+ Kd5 50. Rxa6 Re4 $2 (50... c4+ 51. Kc3 Re3+ 52. Kb4 Re4 53. Rg6 Rxg4 54. a4 $11 {as proved in endgame tablebases}) 51. Ra8 (51. Rd6+ Kxd6 (51... Ke5 52. Re6+) 52. Kxe4 $18 {an interesting K & P position.Wh wins because the outside passed pawn lforces the Bl K away from the central battlefield} Kc6 53. a4 Kd6 54. a5 Kc6 55. a6 Kc7 56. Kd5 Kb6 57. a7 Kxa7 58. Kxc5 {and the Bl K is unable to return in time}) 51... Rxg4 52. Rd8+ Ke5 53. Re8+ Kf4 54. Kc4 $2 (54. Re4+ $1 Kf5 55. Rxg4 Kxg4 56. a4 {gives a drawn Q endgame as Wh Qs first}) 54... Kf3+ $19 55. Kxc5 Rf4 (55... Ra4 $1 $19 {stops the pawn from moving and wins it; also keeps the Wh K cut off from the g pawn}) 56. Kb5 $11 Kf2 57. a4 g4 58. Rg8 Rf5+ 59. Kb6 Rf6+ 60. Kb5 Rf5+ 1/2-1/2

[Event "WCPL U1850"]
[Site "?"]
[Date "2024.10.13"]
[Round "1.3"]
[White "Popov, Constantine"]
[Black "Enoch, Stuart"]
[Result "0-1"]
[WhiteElo "1431"]
[BlackElo "1569"]
[Annotator "kemen"]
[PlyCount "112"]
[EventDate "2024.10.15"]

{[%evp 0,112,19,36,59,48,53,45,92,77,84,65,56,57,47,52,42,37,37,34,31,9,53,51,37,31,57,50,66,63,43,45,74,-255,-300,-293,-293,-290,-273,-273,-272,-306,-174,-211,-180,-317,-323,-505,-234,-239,-221,-217,-218,-221,-161,-156,-194,-187,-194,-194,-194,-301,-194,-203,-200,-292,-304,-319,-319,-327,-323,-325,-320,-322,-318,-333,-291,-327,-306,-351,-317,-330,-268,-253,-106,-108,-6,0,-3,-87,-89,-89,-89,-118,-153,-152,-119,-206,-219,-227,-172,-159,-164,-236,-172,-172,-119,-155,-146,-146,-136,-252,-98,-307,-315]} 1. e4 d5 2. exd5 Qxd5 3. Nc3 Qd8 4. Nf3 Bg4 5. Be2 Nf6 6. Ne5 Bxe2 7. Qxe2 {1-1-1 results} c6 8. O-O e6 9. d4 (9. d3 $11 {3 draws, 1 Bl win}) 9... Be7 (9... Qxd4 {is risky, Wh gains time and open lines} 10. Rd1 {2-1} (10. Re1 {Cloud Engines- all sorts of sacrifices are looming})) 10. Bf4 (10. Rd1 O-O 11. Rd3 $14 {Cloud Engines}) (10. Be3 $11 {4-5-4}) 10... Qb6 (10... Qxd4 11. Bg3 Nbd7 12. Rad1 Qb6 13. Nc4 Qa6 14. Nd6+ Bxd6 15. Qxa6 bxa6 16. Rxd6 $11) 11. Qd3 (11. Rad1 Qxb2 (11... O-O 12. Rd3 $16) 12. Nxf7 Kxf7 13. Rde1 $18 {SF17}) 11... O-O 12. Bg5 Qc7 13. Rfe1 $11 Na6 14. a3 Rad8 15. Bf4 Bd6 16. Qg3 $2 (16. Qh3 $14) 16... Nh5 17. Qg5 Nxf4 18. Qxf4 f6 $19 19. Qg4 fxe5 20. Qxe6+ Qf7 (20... Kh8) 21. Qxf7+ Rxf7 22. Rad1 exd4 23. Rxd4 $2 (23. Ne4) 23... Rfd7 (23... Bxh2+ 24. Kxh2 Rxd4 $19) 24. g3 Nc7 25. Red1 Ne6 26. R4d2 Ng5 27. Kg2 Kf7 28. f4 Ne6 29. Ne4 Ke7 30. Re2 Kf7 31. Red2 Ke7 32. Re2 Bxf4 $1 33. Rxd7+ Kxd7 34. Rf2 Bd6 35. Rd2 Kc7 36. Re2 Nd4 37. Rd2 Be5 38. c3 Nf5 39. Rf2 g6 40. Ng5 Ne3+ (40... Rd7 {is simpler rather than having the Bl pieces in slightly awkward positions}) 41. Kf3 Rd3 (41... Re8 $1 42. Nxh7 Bd6 43. Re2 Re7 44. Ng5 Nc4 $19 {SF17}) 42. Ke4 Nd1 (42... Ng4 43. Rf7+ Rd7 44. h3 Bxg3 45. hxg4 Rxf7 46. Nxf7 h5 47. Nh8 hxg4 48. Nxg6 Bd6 $19 {with mobile pawns on both sides of the board, a B is usually stronger than a shortlegged N}) 43. Rf7+ Rd7 44. Kxe5 $11 Rxf7 45. Nxf7 Nxb2 46. Ng5 (46. Kf6 $1 Nc4 47. Kg7 Nxa3 48. Kxh7 Nc4 49. Kxg6 a5 50. h4 $11 {SF17}) 46... Nc4+ 47. Kd4 (47. Kf6 Nxa3 {is now winning for Bl as the Wh piece placement obstructs the necessary pawn advances on the K side}) 47... Nxa3 (47... h6 $1 {SF17} 48. Nf7 Nxa3 49. Nxh6 (49. c4 h5 50. Ne5 g5 51. h3 Nc2+ 52. Kd3 Nb4+ 53. Kc3 c5 54. g4 Nc6 55. Nf7 hxg4 56. hxg4 b6 57. Kd3 a5 58. Kc3 a4 59. Kb2 Na5 60. Kc3 a3 61. Nxg5 Nxc4 $19) 49... b5 $19 50. Ng4 Nc4 51. Nf2 a5 {Bl gets there quicker- endgames are well worth studying carefully, and leaving time on the clock to play them.}) 48. Ne6+ (48. Nxh7 $1 $11 {SF17}) 48... Kd6 49. Nf8 Nb5+ 50. Kc4 a5 51. Kb3 Kc5 (51... a4+ $1 {also endgames are full of tactical ideas to look out for} 52. Kxa4 Nxc3+ 53. Ka5 Ne4 54. Nxh7 Ke7 {and Wh will lose the N}) 52. Nxh7 {Wh could have had this pawn earlier, but the 48 Ne6 just improved the position of the Bl K. though Wh still has chances of holding the game} Nd6 (52... a4+ 53. Kxa4 Nxc3+ {is a simplway of a draw it seems- SF17}) 53. h4 b5 54. Nf8 a4+ 55. Kb2 {[#]} (55. Kc2 $11 {is correct}) 55... Nc4+ 56. Ka2 Ne5 $19 {and Bl holds up the K side pawn advance . However with only one almost full scoresheet to hand, I believe an illegal move was played at move 55, with the N going to e7. to make sense of what is recorded for the rest of the game . So, continued in a followup entry.} 0-1

[Event "WCPL U1850"]
[Site "?"]
[Date "2024.10.13"]
[Round "1.2"]
[White "Swamy, Anshul"]
[Black "Wagner, Guy"]
[Result "0-1"]
[WhiteElo "1677"]
[BlackElo "1829"]
[Annotator "kemen"]
[PlyCount "120"]
[EventDate "2024.10.15"]

{[%evp 0,23,28,18,77,74,80,75,85,95,83,80,86,85,70,60,48,44,43,53,73,77,84,87,68,93]} 1. e4 d6 2. d4 Nf6 3. Nc3 e5 4. dxe5 dxe5 5. Qxd8+ Kxd8 6. Nf3 Bd6 7. Bg5 Be6 8. O-O-O Nbd7 9. Bb5 h6 (9... Kc8 {main}) 10. Bxd7 Bxd7 11. Bxf6+ gxf6 12. Nd5 f5 13. exf5 e4 (13... Bxf5 14. Ne3 $16 {2-0}) 14. Nh4 $18 (14. Nd4 $18) 14... Bc6 15. Rhe1 Re8 16. Nf6 Re5 17. f3 (17. g3 Ke7 18. Nxe4 Rxe4 19. Rxe4+ Bxe4 20. Re1 $18 {SF17}) (17. f4 Ra5 18. Nxe4 Rxa2 19. Nxd6 (19. Kb1 Ra4 20. Nxd6 cxd6 21. Rxd6+ Kc7 22. Rf6 Rxf4 23. Rxf7+ Kb6 24. Ng6 Rf2 25. g4 $18) 19... cxd6 20. f6 $18 {SF17}) 17... e3 18. Ng4 e2 19. Nxe5 (19. Rd2 $18 {also}) 19... exd1=Q+ 20. Rxd1 Ke7 21. Nxc6+ bxc6 22. g3 Kf6 23. Rd3 Re8 24. Kd2 Bc5 25. h3 (25. f4) 25... a5 26. g4 a4 27. a3 Rb8 28. b3 (28. Kc1) 28... axb3 29. Rxb3 Ra8 30. Kc3 (30. Rc3 Bxa3 31. Rxc6+ Bd6 32. Ng2 $18) 30... Bxa3 31. Kc4 (31. Kd3 Bd6 32. Ng2 $18 {SF17}) 31... Bd6 32. Rb1 Ra2 $11 33. Kd3 Ra3+ 34. Ke2 Rc3 35. Kd2 Ra3 36. Ke2 Ra2 37. Kd3 c5 38. Kc3 c4 39. Rc1 {Wh has turned his R into a passive creature} Bg3 (39... Bf4 40. Rd1 Be5+ 41. Kd2 Bf4+ 42. Kc3 Be5+ $11 {SF17}) 40. Ng2 Ra3+ 41. Kxc4 Rxf3 42. Ne1 Bxe1 43. Rxe1 Rxh3 44. Re2 (44. Kd5 $11) (44. Re4 $11) 44... Rh4 $19 45. Rg2 {again the R has gone into passive defence} Kg5 (45... h5) 46. Kd5 Rxg4 47. Rh2 h5 48. c4 h4 49. c5 Kxf5 50. Kc6 Kg5 (50... Rc4 51. Kb5 Rf4) 51. Kxc7 f5 {this in incorrect acording to the endgame tablebases, which allows Wh to draw,} (51... Rg3 $19) 52. c6 Rc4 53. Kd7 Kg4 54. c7 (54. Rg2+ $1 Kf3 55. Rg8 {the R needs to be hind the pawns, not in front to draw in this odd variant where one side has a B & a Rp left with Rs on}) 54... Kg3 (54... h3 $1 $19) 55. Rd2 $11 h3 56. c8=Q (56. Rd6 $1 Rxc7+ (56... h2 57. Rg6+ Kf2 58. Rh6 Kg1 59. Rg6+ Kh1 60. Rf6 $11) (56... f4 57. Rg6+ (57. Rc6 Rxc6 58. Kxc6 h2 59. c8=Q h1=Q+ {will win for Bl}) 57... Kf3 58. Rh6 $11) 57. Kxc7 h2 58. Rg6+ (58. Rd3+ $11) 58... Kf2 59. Rh6 {repetition- as the Wh K is near enough to the f pawn to win if Bl tries to give up the h pawn( which in anycase Wh then can't lose the game except on time}) 56... Rxc8 57. Kxc8 f4 (57... h2 {forces the R to the backrank rather than holding things up by going behind}) 58. Kd7 f3 59. Kd6 f2 60. Rd3+ Kg2 0-1

[Event "WCPL U1850"]
[Site "?"]
[Date "2024.10.13"]
[Round "1.2"]
[White "Quinn, Peter"]
[Black "Bagga, Khushi"]
[Result "0-1"]
[WhiteElo "1785"]
[BlackElo "1575"]
[Annotator "kemen"]
[PlyCount "70"]
[EventDate "2024.10.15"]

{[%evp 0,12,28,24,24,11,21,8,9,9,37,37,37,21,15]} 1. e4 e5 2. Nf3 Nc6 3. Bb5 {Quinn 1-3} Nd4 4. Bc4 (4. Nxd4 exd4 {7-1 Bagga} 5. O-O {main, 65% for Wh}) 4... Nxf3+ 5. Qxf3 Nf6 (5... Qf6 {main, SF17}) 6. h3 (6. O-O) (6. d3) (6. Nc3 {main lines}) 6... c6 (6... Bd6 7. O-O O-O 8. Nc3 c6 {Torres Cueto (2149)-Angulo Mosquera, (1501)- COL ch U20,2018,0-1}) 7. Nc3 d6 {2-1-7} 8. Bb3 Be7 9. O-O O-O 10. d3 h6 (10... Be6 $11 {4-11-7, Cloud Engines}) (10... Nd7 $11 {4-3-2}) 11. a4 (11. Ne2 {1/2-1/2}) 11... Be6 (11... Nh7 12. Ne2 Bg5 13. Bxg5 Nxg5 14. Qg3 Be6 {Galyga-Osipow, Chorzow op2007,1/2-1/2}) 12. Be3 (12. Bxe6 fxe6 13. Qg3 Kh7 14. Ne2 $11 {SF17}) 12... d5 (12... Bxb3 13. cxb3 d5 $15) 13. d4 $2 dxe4 14. Nxe4 Bxb3 15. cxb3 exd4 16. Rfd1 c5 $19 17. Nxf6+ Bxf6 18. Qxb7 Qe8 (18... Qb8 19. Qxb8 Rfxb8 20. Bf4 Rxb3 $19 {SF17}) 19. Bf4 Qe2 20. Rd2 Qe6 21. Rc1 Rac8 22. Qxa7 Rfd8 (22... Qe4 23. g3 Rfe8 $17 {Sf17}) 23. a5 (23. Qb7 $1 $11 {SF17}) 23... Qe4 $19 24. g3 g5 25. Qb6 (25. Bc7 Rd7 26. Rxc5 Qe7 $19 {SF17}) 25... Be7 (25... Rc6 $1 $19) 26. Rdd1 gxf4 27. Re1 Qf3 $19 28. Rxe7 fxg3 29. fxg3 Qxg3+ 30. Kh1 Qxh3+ 31. Kg1 Qg4+ 32. Kh1 Qh4+ 33. Kg2 Qxe7 34. Qxh6 Qe4+ 35. Kh2 Qh7 (35... Rc6 $1 {SF17} 36. Rg1+ Rg6 37. Rxg6+ fxg6 38. a6 Rf8) 0-1

[Event "WCPL U1850"]
[Site "?"]
[Date "2024.10.13"]
[Round "1.3"]
[White "Reckless, Toby"]
[Black "Graczyk, Piotr"]
[Result "0-1"]
[WhiteElo "1421"]
[BlackElo "1832"]
[Annotator "kemen"]
[PlyCount "90"]
[EventDate "2024.10.15"]

{[%evp 0,13,40,44,43,43,40,40,58,30,51,46,74,74,96,95]} 1. e4 d5 2. exd5 Nf6 3. Nf3 Bg4 4. Be2 Qxd5 5. Nc3 Qh5 (5... Qa5 {main}) 6. O-O c6 (6... Nc6 {main} 7. h3 Bxh3 8. gxh3 Qxh3 {7-0-3} 9. Ng5 $18 {2-0}) 7. h3 Bxh3 $146 {Bl only has a N to followup against a number of Wh pieces that can defend} (7... Bxf3 8. Bxf3 Qa5 $16 {yet 1 draw and 2 Bl wins}) 8. gxh3 Qxh3 9. Ng5 $18 (9. d4 $18 {Cloud Engines} g5 10. Ne5 h5 11. Qd3) 9... Qf5 10. d3 (10. d4 h6 11. Bd3 Qd7 12. Nge4 $18 {SF17}) 10... Nbd7 11. Nce4 h6 12. Nxf6+ (12. Ng3 Qa5 13. N5e4 O-O-O 14. Bf4 e5 15. Bd2 $18 {SF17}) 12... Nxf6 13. Ne4 e6 14. Ng3 (14. Bf3) 14... Qa5 15. Bd2 Qc7 16. Bc3 (16. Kg2 O-O-O 17. Rh1 Bd6 18. Bf3 $18 {SF17}) 16... Qf4 17. Bd2 Qc7 18. f4 Bc5+ 19. Kg2 O-O-O 20. f5 (20. b4 {starts an attack against the Bl K position}) 20... Nd5 21. c4 (21. fxe6 fxe6 22. Bg4 $18 {SF17}) 21... Ne3+ 22. Bxe3 Bxe3 23. fxe6 fxe6 24. Bg4 Qe7 25. Re1 (25. Qe2 h5 26. Qxe3 hxg4 27. Rad1 $18) 25... Qc5 26. Bxe6+ (26. Ne4 Qb6 27. b4 Bd4 28. Bxe6+ Kb8 29. Rb1 $18 {SF17}) 26... Kb8 27. Qf3 Bd4 28. Qf4+ (28. Nf5 Bxb2 29. Rad1 g6 30. Qg3+ Ka8 31. Qxg6 Bc3 32. Re2 $18 {SF17}) 28... Ka8 29. Rab1 Rhf8 30. b4 Qb6 31. Qg4 (31. Qe4 $1 {SF17}) 31... Rf2+ 32. Kh3 (32. Kh1 h5 33. Qg5 Qc7 34. Re4 h4 35. Nf1 $18 {SF17}) 32... Rdf8 (32... h5 $1 33. Qg5 Bf6 34. Qe3 Bd4 35. Qg5 Bf6 $11 36. Qxh5 $2 g6 $19 {SF17}) 33. c5 (33. Bf5 $18) 33... Qd8 $11 34. Re4 (34. Bd7 {only move} Bc3 35. Rf1 Be5 36. Rxf2 Rxf2 37. Re1 h5 38. Qe6 Rh2+ 39. Kxh2 Qh4+ 40. Kg2 Qxg3+ 41. Kf1 Qf3+ {perpetual}) 34... Bf6 (34... h5 $1 35. Nxh5 Bxc5 36. Qxg7 Qxd3+ 37. Ng3 Qxb1 38. bxc5 Qg1 $19 {SF17}) 35. Nh5 (35. Rf1 Rxf1 36. Nxf1 Qxd3+ 37. Ng3 h5 38. Qxh5 a6 $14 {SF17}) 35... Qxd3+ 36. Qg3 (36. Ng3 Qxb1 $19) 36... Rf3 (36... Qxe4 37. Qxf2 Qxe6+ 38. Kg2 Qe4+ 39. Qf3 Qxb1 $19 {SF17}) 37. Rg4 (37. Rbe1 a6 $19 {SF17}) 37... Rxg3+ 38. Rxg3 Qxb1 39. Nxg7 Bxg7 40. Rxg7 Qh1+ 41. Kg3 Qg1+ 42. Kh4 Qxg7 43. Kh3 Rf3+ 44. Kh4 Qg3+ (44... Qg5#) 45. Kh5 Qg5# 0-1